Contabilidad Superior (Registro nro. 894)

Detalles MARC
000 -LEADER
fixed length control field 02161 a2200217 4500
001 - CONTROL NUMBER
control field 22095
005 - DATE AND TIME OF LATEST TRANSACTION
control field 20260407155509.0
008 - FIXED-LENGTH DATA ELEMENTS--GENERAL INFORMATION
fixed length control field 260407a1998 arg spa d
003 - CONTROL NUMBER IDENTIFIER
control field AR-UNSa-BCEJYS
040 ## - CATALOGING SOURCE
Original cataloging agency AR-UNSa-BCEJYS
Language of cataloging spa
Transcribing agency AR-UNSa-BCEJYS
080 ## - UNIVERSAL DECIMAL CLASSIFICATION NUMBER
Universal Decimal Classification number 657
Common auxiliary subdivision Contabilidad
020 ## - INTERNATIONAL STANDARD BOOK NUMBER
International Standard Book Number 84-89996-03-2
100 1# - MAIN ENTRY--PERSONAL NAME
Personal name Tua Pereda, Jorge
245 10 - TITLE STATEMENT
Title Contabilidad Superior
Name of part/section of a work Consolidación y normas relativas a las cuentas consolidadas
264 #1 - PRODUCTION, PUBLICATION, DISTRIBUTION, MANUFACTURE, AND COPYRIGHT NOTICE
Place of production, publication, distribution, manufacture Madrid :
Name of producer, publisher, distributor, manufacturer Instituto de Auditores - Censores Jurados de Cuentas de España
Date of production, publication, distribution, manufacture, or copyright notice 1998
300 ## - PHYSICAL DESCRIPTION
Extent 677 p.
Dimensions 24 cm.
505 ## - FORMATTED CONTENTS NOTE
Formatted contents note 1. La regulación mercantil de la consolidación - 2. Sujetos de la consolidación - 3. Obligación de consolidar y motivos de dispensa de la misma - 4. Aplicación de los métodos de consolidación - 5. Cuestiones generales - 6. Homgeneización previa - 7. Eliminación inversión-fondos propios en la primera consolidación - 8. Eliminación inversión-fondos propios en consolidaciones posteriores - 9. Eliminación inversión-fondos propios en casos particulares - 10. Eliminaciones de partidas recíprocas.cuestiones generales - 11. Eliminaciones que no afectan al resultado - 12. Eliminaciones de resultados.Cuestiones generales - 13. Eliminación de resultados por operaciones de existencias - 14. Eliminación de resultados por operaciones de inmovilizado - 15. Eliminación de resultados por operaciones de servicios - 16. Eliminación de resultados por operaciones con activos financieros - 17. Eliminación de dividendos - 18. Método de investigación proporcional - 19. Procedimientos de puesta en equivalencia - 20. Conversión de cuentas anuales en moneda extranjera - 21. La declaración fiscal consolidada - 22. El impuesto sobre beneficios como gasto del ejercicio - 23. Obligaciones legales en relación con las cuentas consolidadas - 24. Balance y cuenta de perdidas y ganancias - 25. La memoria consolidada - 26. El informe de gestión consolidado - 27. El informe de auditoría.
590 ## - LOCAL NOTE (RLIN)
Local note niveau_biblio:m niveau_hierar:0
856 41 - ELECTRONIC LOCATION AND ACCESS
Uniform Resource Identifier <a href="https://biblioeco.unsa.edu.ar/pmb/images/libros/Escuela de Auditoria.jpg">https://biblioeco.unsa.edu.ar/pmb/images/libros/Escuela de Auditoria.jpg</a>
Link text Imagen de portada
Electronic format type image/jpeg
942 ## - ADDED ENTRY ELEMENTS (KOHA)
Koha item type
Existencias
Withdrawn status Lost status Damaged status Not for loan Home library Current library Shelving location Date acquired Total checkouts Full call number Barcode Date last seen Price effective from Koha item type
        Biblioteca Prof. Eusebio Cleto del Rey Biblioteca Prof. Eusebio Cleto del Rey   07/04/2026   P657 T883c L119548 07/04/2026 07/04/2026 Libro